Bezdrôtový rádiový zber dát.

Saved in:
Bibliographic Details
Corporate Author: Zenservis (Bratislava, Slovenská republika) (Author)
Format: Book
Language:Slovak
Published: [S.l.] : [s.n.], 2009
Edition:[1. vyd.]
Subjects:
Online Access: Get full text
Tags: Add Tag
No Tags, Be the first to tag this record!

MARC

LEADER 00000nam a2200000 4500
003 SK-BrCVT
005 20220617222829.0
008 100419s2009 xo e ||||||slo d
035 |a CVTIDW1526873 
040 |b slo  |a CVTI SR  |e AACR2 
041 0 |a slo 
044 |a xo 
080 |a 004.35  |2 UDC-MRF 
080 |a 621.396  |2 UDC-MRF 
080 |a 681.12  |2 UDC-MRF 
080 |a 697.347  |2 UDC-MRF 
110 2 |a Zenservis (Bratislava, Slovenská republika)  |4 aut 
245 1 0 |a Bezdrôtový rádiový zber dát. 
250 |a [1. vyd.] 
260 |a [S.l.] :  |b [s.n.],  |c 2009 
300 |a [4 s.] :  |b obr., tab. ; 
653 1 |a rádiový modul  |a vodomer  |a merač tepla 
910 |b F029737 
959 |a 5101 
959 |a 4902 
959 |a 5902 
974 |f Firemná literatúra 
992 |a FFP 
999 |c 152652  |d 152652